000 00372nam a2200133Ia 4500
005 20260326100039.0
008 260326s9999||||xx |||||||||||||| ||und||
100 _aFlores, Carlos
245 0 _aGuía de Arquitectura de España 1929 / 1996 /
_cCarlos Flores
260 _bFundación Caja de Arquitectos
300 _a335 p.
650 _aARQUITECTURA REGIONAL
942 _cBK
999 _c6938
_d6938